000
002610000a22000970004500
100
1
_a
McQuilkin, Robertson
245
1
0
_a
Should we stop sending missionaries?
300
_a
Vol.21, núm.8 (August, 1999), Páginas 38-41
773
0
_t
Mission Frontiers
942
_c
ANA
999
_c
60334
_d
60334